000 00572nam a2200229Ia 4500
005 20241129120240.0
008 241129s9999||||xx |||||||||||||| ||und||
020 _aN. A.
037 _aTB
040 _aSDCL
_beng
_cSDCL
041 _ahin
_2hin
084 _aO152,1N:g, R1
_qSDCL
100 _aShukla Rambahori
_9729523
245 0 _aKavya Pradeep
250 _a37th
260 _aDelhi
_bLokbharti Prakashan India
_c2021
300 _a337p.
365 _aINR
_b100
650 _aHindi
942 _cTB
_hO152,1N:g, R1
999 _c1234000
_d1234000